000
00263nam a2200109Ia 4500
008
191201s2012 xx 000 0 und d
100
_a
NARULA, TR
245
0
_a
Applied physics Vol 1
260
_c
2012
_b
NORTH PUB.
_a
NEW DELHI
300
_a
231
942
_2
ddc
_c
BK
_0
14
999
_c
8125
_d
8125